Being a minority in India : (Record no. 143501)

MARC details
000 -LEADER
fixed length control field 00711nam a22002057a 4500
005 - DATE AND TIME OF LATEST TRANSACTION
control field 20170818161516.0
010 ## - LCCN (DPL NO)
LC control number ENG-119713
020 ## - INTERNATIONAL STANDARD BOOK NUMBER
International Standard Book Number 9788193312810
Terms of availability 916.00
035 ## - SYSTEM CONTROL NUMBER
System control number EN-103245
037 ## - SOURCE OF ACQUISITION
Source of stock number/acquisition DBAD/PUB
082 ## - DEWEY DECIMAL CLASSIFICATION NUMBER
Classification number 305.0954
245 ## - TITLE STATEMENT
Title Being a minority in India :
Statement of responsibility, etc edtied by Arvinder A. Ansari [and] Imtiaz A. Ansari
Remainder of title issues and challenges /
260 ## - PUBLICATION, DISTRIBUTION, ETC. (IMPRINT)
Place of publication, distribution, etc New Delhi
Name of publisher, distributor, etc AlterNotes Press
Date of publication, distribution, etc 2016
270 ## - ADDRESS
Address 161/55, Hasrat Mohani Lane, Ghafoor Nagar Road Jamia Nagar,
City New Delhi
Postal code 110020
300 ## - PHYSICAL DESCRIPTION
Extent xvii,253p.
Dimensions 21cm
500 ## - GENERAL NOTE
General note Includes bibliographical references
700 ## - ADDED ENTRY--PERSONAL NAME
Personal name Ansari, Arvinder A.
700 ## - ADDED ENTRY--PERSONAL NAME
Personal name Ansari, Imtiaz A.
942 ## - ADDED ENTRY ELEMENTS (KOHA)
Source of classification or shelving scheme Dewey Decimal Classification
Item type English Books
Classification part 305.0954
Call number suffix ANS
Holdings
Withdrawn status Lost status Not for loan Collection code Home library Current library Date acquired Source of acquisition Cost, normal purchase price Full call number Barcode Copy number Cost, replacement price Koha item type
      Non-fiction Ashok Vihar Ashok Vihar 17/08/2017 DBAD/PUB 916.00 305.0954 ANS EN-103245 1 916.00 English Books

© Delhi Public Library
Hit Counter
free hit counter